[Event "Lichtenberger Sommer 2016"]
[Site "?"]
[Date "2016.08.18"]
[Round "6.79"]
[White "Lange, Malina"]
[Black "Kretzschmar, Jan"]
[Result "0-1"]
[WhiteElo "795"]
[BlackElo "1808"]
[PlyCount "102"]
[EventDate "2016.??.??"]
[WhiteTeam "TuS Makkabi Berlin"]
[BlackTeam "SC Kreuzberg"]

1. e4 c5 2. Nf3 e6 3. d4 cxd4 4. Nxd4 Nc6 5. Be2 Qc7 6. Nc3 a6 7. O-O Nf6 8.
Bg5 Nxd4 9. Qxd4 Bc5 10. Qd2 b5 11. Bf3 Ra7 12. Rfe1 d6 13. Rad1 Nd7 14. Qf4
Ne5 15. Ne2 h6 16. Bh4 Ng6 17. Qg3 Nxh4 18. Qxh4 Qe7 19. Qg4 O-O 20. Nf4 Qg5
21. Qxg5 hxg5 22. Nd3 Bb6 23. Nb4 Rd7 24. e5 d5 25. h3 Rc7 26. c3 Bb7 27. Rd2
Rfc8 28. Be2 d4 29. cxd4 a5 30. Nd3 Bxd4 31. Red1 Bb6 32. Ne1 Bd5 33. b3 b4 34.
Nf3 Rc1 35. Rxc1 Rxc1+ 36. Rd1 Rc2 37. Bd3 Rxa2 38. Nxg5 Bxf2+ 39. Kf1 Be3 40.
Ne4 Bxb3 41. Rb1 Bd5 42. Re1 Bd4 43. Bb1 Bc4+ 44. Re2 Rxe2 45. Ng3 Re4+ 46. Bd3
Bxd3+ 47. Ne2 Rxe2 48. g4 Rf2+ 49. Ke1 b3 50. Kd1 b2 51. Ke1 b1=R# 0-1

[Event "Lichtenberger Sommer 2016"]
[Site "?"]
[Date "2016.08.18"]
[Round "6.80"]
[White "Milare, Tyron"]
[Black "Wolfram, Mike"]
[Result "1/2-1/2"]
[WhiteElo "1788"]
[BlackElo "1556"]
[PlyCount "64"]
[EventDate "2016.??.??"]
[WhiteTeam "Potsdamer SV"]
[BlackTeam "Lok Pritzwalk"]

1. Nf3 d5 2. d4 Nf6 3. c4 e6 4. Bg5 Be7 5. Nc3 dxc4 6. e4 O-O 7. Bxc4 c6 8. O-O
h6 9. Bh4 b5 10. Bd3 a6 11. Rc1 Bb7 12. e5 Nd5 13. Bxe7 Qxe7 14. Ne4 Nd7 15.
Nd6 N7b6 16. Re1 Nc8 17. Ne4 Nf4 18. Bb1 Rd8 19. Qc2 Nb6 20. Nf6+ Kf8 21. Qh7
Qb4 22. Qg8+ Ke7 23. Qxg7 Qxb2 24. Rc2 Qb4 25. Qxh6 Rxd4 26. a3 Qa5 27. Rf1 Ra4
28. Qg5 Kf8 29. Nh7+ Ke8 30. Qg8+ Ke7 31. Qg5+ Ke8 32. Nf6+ Kf8 1/2-1/2

[Event "Lichtenberger Sommer 2016"]
[Site "?"]
[Date "2016.08.18"]
[Round "6.81"]
[White "Fock, Sana"]
[Black "Günther, Boris"]
[Result "1-0"]
[WhiteElo "1581"]
[BlackElo "1693"]
[PlyCount "55"]
[EventDate "2016.??.??"]
[WhiteTeam "SK International Berlin"]
[BlackTeam "SF Friedrichshagen"]

1. e4 e5 2. Nf3 Nc6 3. d4 exd4 4. Nxd4 Qh4 5. Qd3 Bc5 6. c3 Nf6 7. Nd2 Ng4 8.
g3 Qf6 9. N2f3 Nxd4 10. cxd4 Bxd4 11. Qxd4 Qxf3 12. Rg1 Qf6 13. Qxf6 Nxf6 14.
f3 h6 15. Bf4 d6 16. Rc1 Kd8 17. Bc4 Be6 18. e5 Nd5 19. Bxd5 Bxd5 20. exd6 Re8+
21. Kf2 cxd6 22. Bxd6 Kd7 23. Bb4 Bxa2 24. Rgd1+ Ke6 25. Rd6+ Kf5 26. g4+ Kg5
27. h4+ Kf4 28. Bd2+ 1-0

[Event "Lichtenberger Sommer 2016"]
[Site "?"]
[Date "2016.08.18"]
[Round "6.82"]
[White "Mueller, Jörg René"]
[Black "Stein, Siegfried"]
[Result "0-1"]
[WhiteElo "1557"]
[BlackElo "1856"]
[PlyCount "148"]
[EventDate "2016.??.??"]
[WhiteTeam "SC Zugzwang 95 (Berlin)"]
[BlackTeam "SV Berolina Mitte"]

1. d4 Nf6 2. f4 g6 3. c4 Bg7 4. Nc3 O-O 5. e4 d6 6. Nf3 c5 7. d5 b5 8. cxb5 a6
9. Qb3 axb5 10. Bxb5 Ba6 11. O-O Qc7 12. Qc4 Qb6 13. a4 Bxb5 14. Nxb5 Na6 15.
Kh1 Nd7 16. Ra3 Rfb8 17. Re1 Qa5 18. Bd2 Nb4 19. e5 Nb6 20. Qe4 N6xd5 21. Qxd5
Qd8 22. Bxb4 cxb4 23. Ra2 Qc8 24. b3 dxe5 25. fxe5 Qf5 26. Nbd4 Qd3 27. Qc4
Qxc4 28. bxc4 b3 29. Ra3 b2 30. Rb1 Bh6 31. Ne1 Rb4 32. Nd3 Rxc4 33. Nf3 Rc1+
34. Nxc1 bxc1=Q+ 35. Rxc1 Bxc1 36. Ra2 Ra5 37. Kg1 Bf4 38. Ne1 Bxe5 39. Nd3
Bd4+ 40. Kf1 e5 41. Nb4 e4 42. Nc6 Rf5+ 43. Ke1 Bc3+ 44. Ke2 Rc5 45. Na7 Ba5
46. Nb5 f5 47. Ke3 Kg7 48. Nd4 Rc3+ 49. Ke2 Kf6 50. Nb5 Rc5 51. Nd4 Rc4 52. Nb3
Bb6 53. a5 Ba7 54. a6 g5 55. Na5 Rc3 56. Nb7 f4 57. Nd6 Re3+ 58. Kf1 f3 59.
gxf3 exf3 60. Nb5 Re7 61. h3 h5 62. Ra3 g4 63. hxg4 hxg4 64. Ra4 Kg5 65. Nxa7
Rxa7 66. Kf2 Kh4 67. Ke3 Kh3 68. Kf2 g3+ 69. Kxf3 g2 70. Ra1 Kh2 71. Ra4 Rf7+
72. Rf4 Rxf4+ 73. Kxf4 g1=Q 74. Ke5 Qb6 0-1

[Event "Lichtenberger Sommer 2016"]
[Site "?"]
[Date "2016.08.18"]
[Round "6.83"]
[White "Verbitsky, Jaroslaw"]
[Black "Stiemerling, Andreas"]
[Result "1-0"]
[WhiteElo "1551"]
[BlackElo "1752"]
[PlyCount "69"]
[EventDate "2016.??.??"]
[WhiteTeam "SV Mattnetz Berlin"]
[BlackTeam "SSV Rotation Berlin"]

1. e4 e6 2. d4 d5 3. Nd2 c5 4. exd5 exd5 5. Ndf3 Nc6 6. Bb5 Qa5+ 7. Qd2 Qxb5 8.
Ne2 Nf6 9. O-O Be7 10. Nc3 Qa5 11. dxc5 Bxc5 12. Qg5 Rg8 13. Bd2 Qd8 14. Rfe1+
Be6 15. Qh4 h6 16. h3 a6 17. g4 Ne4 18. Qxd8+ Rxd8 19. Nxe4 dxe4 20. Rxe4 Rd5
21. c4 Rd3 22. Kg2 Kd7 23. b4 Bd4 24. Rae1 b5 25. cxb5 axb5 26. a4 Rb8 27. Bf4
Rb7 28. a5 Kc8 29. Rc1 Bd5 30. Nxd4 Bxe4+ 31. f3 Bxf3+ 32. Nxf3 Kd7 33. Rxc6
Rxf3 34. Rd6+ Ke7 35. Kxf3 1-0

[Event "Lichtenberger Sommer 2016"]
[Site "?"]
[Date "2016.08.18"]
[Round "6.84"]
[White "Wahner, Eberhard"]
[Black "Korell, Klaus-Peter"]
[Result "0-1"]
[WhiteElo "1511"]
[BlackElo "1875"]
[PlyCount "68"]
[EventDate "2016.??.??"]
[WhiteTeam "SC Eintracht Berlin"]
[BlackTeam "SG TT/Wiheil (FV Schach)"]

1. c4 Nf6 2. Nc3 e6 3. g3 d5 4. cxd5 exd5 5. d4 c6 6. Bg2 Bd6 7. Nf3 O-O 8. O-O
Bf5 9. Nh4 Bg4 10. h3 Be6 11. e4 dxe4 12. Nxe4 Nxe4 13. Bxe4 Bxh3 14. Bg2 Bxg2
15. Kxg2 Nd7 16. Rh1 Qe7 17. Qd3 g6 18. Nf3 Qe6 19. Be3 Qd5 20. Qd2 Nf6 21. Rh3
Rfe8 22. Rah1 h5 23. Qd1 Ng4 24. Bg5 Re4 25. Kf1 Rae8 26. Kg2 Re2 27. Rf1 Rxb2
28. Kg1 Ree2 29. Nd2 Rxf2 30. Rxf2 Nxf2 31. Kxf2 Qxg5 32. Ke1 Bxg3+ 33. Rxg3
Qxg3+ 34. Kf1 Qf4+ 0-1

[Event "Lichtenberger Sommer 2016"]
[Site "?"]
[Date "2016.08.18"]
[Round "6.85"]
[White "Schilly, Hans-Joachim"]
[Black "Bastian, Reinhard"]
[Result "1-0"]
[WhiteElo "1804"]
[BlackElo "1441"]
[PlyCount "53"]
[EventDate "2016.??.??"]
[WhiteTeam "SF Siemensstadt"]
[BlackTeam "vereinslos"]

1. c4 e6 2. e4 d5 3. exd5 exd5 4. cxd5 Nf6 5. Nc3 Nxd5 6. Nf3 Be7 7. d4 O-O 8.
Bc4 Be6 9. Qb3 Bb4 10. O-O Bxc3 11. bxc3 Nc6 12. Ng5 Na5 13. Qc2 g6 14. Nxe6
fxe6 15. Bd3 Qf6 16. Bd2 Nc6 17. Rad1 e5 18. Bc4 Rad8 19. Qe4 Qe6 20. f4 Na5
21. Bxd5 Qxd5 22. Qxd5+ Rxd5 23. fxe5 Re8 24. Bh6 Nc4 25. Rf2 Rdd8 26. Rdf1 Ne3
27. Bxe3 1-0

[Event "Lichtenberger Sommer 2016"]
[Site "?"]
[Date "2016.08.18"]
[Round "6.86"]
[White "Klühs, Gustaf"]
[Black "Pöcheim, Stephan"]
[Result "0-1"]
[WhiteElo "1407"]
[BlackElo "1716"]
[PlyCount "96"]
[EventDate "2016.??.??"]
[WhiteTeam "Borussia Friedrichsfelde"]
[BlackTeam "SF 1903 Berlin"]

1. d4 Nf6 2. Nd2 c5 3. c3 cxd4 4. cxd4 Nc6 5. Ngf3 g6 6. e4 d6 7. d5 Nb8 8.
Bb5+ Bd7 9. Qa4 Bxb5 10. Qxb5+ Qd7 11. Qxd7+ Nbxd7 12. O-O Rc8 13. Nd4 Bg7 14.
N4b3 O-O 15. f3 Rc7 16. Rd1 Rfc8 17. Nf1 b6 18. Bd2 Ne8 19. Rab1 Rc2 20. Rdc1
Rxc1 21. Rxc1 Rxc1 22. Bxc1 Nc7 23. Bg5 Kf8 24. Bc1 Na6 25. a3 Ne5 26. Ne3 Nd3
27. Nd1 Nac5 28. Nxc5 bxc5 29. Bd2 Nxb2 30. Ne3 Ke8 31. Kf1 Kd7 32. Ke2 Kc7 33.
Bc1 Na4 34. Nc4 Nb6 35. Nxb6 axb6 36. Kd3 b5 37. Kc2 Kb6 38. Kb3 Bd4 39. a4 c4+
40. Kb4 Bc5+ 41. Kc3 bxa4 42. Kxc4 a3 43. Kb3 Kb5 44. Bxa3 Bxa3 45. Kxa3 Kc4
46. Ka4 e6 47. dxe6 fxe6 48. Ka3 Kc3 0-1

[Event "Lichtenberger Sommer 2016"]
[Site "?"]
[Date "2016.08.18"]
[Round "6.87"]
[White "Raasch, Hauke"]
[Black "Völler, Lothar"]
[Result "1-0"]
[WhiteElo "1269"]
[BlackElo "1778"]
[PlyCount "111"]
[EventDate "2016.??.??"]
[WhiteTeam "SC Eintracht Berlin"]
[BlackTeam "FS Dortmund"]

1. d4 f5 2. Nf3 Nf6 3. e3 e6 4. b3 Be7 5. Bb2 O-O 6. Bd3 b6 7. Nbd2 Bb7 8. O-O
d6 9. Qe2 Nbd7 10. e4 fxe4 11. Nxe4 Nd5 12. Ned2 Nf4 13. Qe3 Bg5 14. Qe1 Bh6
15. Bc4 d5 16. Bb5 c6 17. Be2 a5 18. c4 Qe8 19. Kh1 Nf6 20. h3 Ne4 21. Nxe4
dxe4 22. Nh2 c5 23. Rg1 cxd4 24. Bxd4 e5 25. Bxb6 Nxh3 26. gxh3 e3+ 27. f3 e4
28. Rf1 Qc6 29. c5 Qe6 30. Bc4 Bd5 31. Bxd5 Qxd5 32. Rd1 Qh5 33. Qe2 exf3 34.
Rxf3 Rxf3 35. Qxf3 Qxf3+ 36. Nxf3 Rf8 37. Rd8 e2 38. Rxf8+ Kxf8 39. c6 Ke7 40.
Bxa5 Bf4 41. c7 Kd7 42. Kg2 Be3 43. a4 g5 44. Ng1 Bb6 45. Be1 Bxc7 46. Nxe2 h5
47. Ng3 h4 48. Ne4 Bf4 49. Bd2 Bc7 50. Bxg5 Ke6 51. Nc5+ Kd5 52. Nd3 Kd4 53.
Nc1 Kc3 54. Kf3 Bd6 55. Kg4 Ba3 56. Kxh4 1-0

[Event "Lichtenberger Sommer 2016"]
[Site "?"]
[Date "2016.08.18"]
[Round "6.88"]
[White "Fischer, Josef"]
[Black "Kasper, Peter"]
[Result "1-0"]
[WhiteElo "1386"]
[BlackElo "1778"]
[PlyCount "20"]
[EventDate "2016.??.??"]
[WhiteTeam "SK Kriegshaber"]
[BlackTeam "SG Eckturm (Berlin)"]

1. e4 c6 2. d4 d5 3. e5 Bf5 4. h4 h6 5. g4 Bh7 6. e6 fxe6 7. Bd3 Bxd3 8. Qxd3
Kd7 9. Nf3 g5 10. Ne5+ Ke8 1-0

[Event "Lichtenberger Sommer 2016"]
[Site "?"]
[Date "2016.08.18"]
[Round "6.89"]
[White "Fontaine, Constantin"]
[Black "Richter, Robert"]
[Result "1/2-1/2"]
[WhiteElo "1527"]
[BlackElo "1542"]
[PlyCount "78"]
[EventDate "2016.??.??"]
[WhiteTeam "SK Tempelhof 1931"]
[BlackTeam "SV Rüdersdorf"]

1. d4 d5 2. Nc3 Nf6 3. Bg5 Bf5 4. Bxf6 exf6 5. e3 Bb4 6. Bd3 Qd7 7. a3 Ba5 8.
b4 Bb6 9. Qf3 Bxd3 10. cxd3 c6 11. Na4 O-O 12. Ne2 Bc7 13. O-O Qd6 14. Qg3 Qe7
15. Nf4 g5 16. Qg4 f5 17. Nxd5 cxd5 18. Qxf5 Qd6 19. Qxg5+ Kh8 20. f4 Rg8 21.
Qe5+ Qxe5 22. fxe5 Rg7 23. Rac1 Bb6 24. Nxb6 axb6 25. Rc7 Rxa3 26. Rxb7 Na6 27.
Rxb6 Ra4 28. b5 Nb4 29. Rd6 Ra5 30. b6 Rb5 31. Rd7 Rxb6 32. Rfxf7 Nxd3 33. Kf1
Rb1+ 34. Ke2 Rxg2+ 35. Kf3 Rf2+ 36. Kg3 Rg1+ 37. Kh3 Kg8 38. e6 Rxf7 39. Rxf7
Rg6 1/2-1/2

[Event "Lichtenberger Sommer 2016"]
[Site "?"]
[Date "2016.08.18"]
[Round "6.90"]
[White "Gräbnitz, Marc-Florian"]
[Black "Wölfert, Jürgen"]
[Result "0-1"]
[WhiteElo "1320"]
[BlackElo "1834"]
[PlyCount "62"]
[EventDate "2016.??.??"]
[WhiteTeam "SC Eintracht Berlin"]
[BlackTeam "BSC Rehberge"]

1. d4 Nf6 2. e3 d5 3. c4 e6 4. Nf3 c5 5. Nc3 Nc6 6. dxc5 Bxc5 7. cxd5 exd5 8.
Bb5 O-O 9. O-O Bg4 10. Be2 a6 11. b3 Qd6 12. Bb2 Rad8 13. h3 Bxf3 14. Bxf3 Ne5
15. Be2 Ba7 16. Qc1 Rfe8 17. Rd1 Bb8 18. g3 Ng6 19. Bf3 Nh4 20. Bg2 Nxg2 21.
Kxg2 Qc6 22. Ne2 Qe6 23. Nf4 Bxf4 24. exf4 d4 25. Kg1 Qxh3 26. Bxd4 Ng4 27. Be3
Nh2 28. f3 Qxg3+ 29. Kh1 Nxf3 30. Qc2 Qh3+ 31. Qh2 Qxh2# 0-1

[Event "Lichtenberger Sommer 2016"]
[Site "?"]
[Date "2016.08.18"]
[Round "6.91"]
[White "Kreuchauf, Olaf"]
[Black "Caglar, Erdal"]
[Result "1/2-1/2"]
[WhiteElo "1777"]
[BlackElo "1520"]
[PlyCount "87"]
[EventDate "2016.??.??"]
[WhiteTeam "SC Eintracht Berlin"]
[BlackTeam "SW Lichtenrade"]

1. d4 Nf6 2. Nf3 d6 3. h3 g6 4. c4 Bg7 5. Nc3 O-O 6. e4 Nfd7 7. Bd3 Nc6 8. Bc2
e5 9. d5 Ne7 10. g4 c6 11. dxc6 Nb6 12. cxb7 Bxb7 13. b3 d5 14. Nxd5 Nexd5 15.
cxd5 Nxd5 16. O-O Nc3 17. Qxd8 Rfxd8 18. Re1 Rac8 19. Nd2 Ne2+ 20. Rxe2 Rxc2
21. g5 Bf8 22. Kf1 Ba6 23. Nc4 Rd1+ 24. Re1 Rxe1+ 25. Kxe1 Bb4+ 26. Bd2 Bxd2+
27. Nxd2 Rc3 28. f3 Re3+ 29. Kd1 Be2+ 30. Kc2 Bxf3 31. Nxf3 Rxf3 32. Rg1 Rxh3
33. Rg4 Kg7 34. b4 h5 35. gxh6+ Kxh6 36. a4 Kh5 37. Rg1 g5 38. Rf1 Kg6 39. Rd1
g4 40. a5 Re3 41. b5 Rxe4 42. Kb3 Re3+ 43. Kc4 Re4+ 44. Kb3 1/2-1/2

[Event "Lichtenberger Sommer 2016"]
[Site "?"]
[Date "2016.08.18"]
[Round "6.92"]
[White "Kramer, Ralf"]
[Black "Lippianowski, Stefan"]
[Result "1-0"]
[WhiteElo "1559"]
[BlackElo "1150"]
[PlyCount "65"]
[EventDate "2016.??.??"]
[WhiteTeam "SK Zehlendorf"]
[BlackTeam "SV Mattnetz Berlin"]

1. e4 e5 2. f4 d5 3. exd5 exf4 4. Nf3 Qxd5 5. Nc3 Qe6+ 6. Be2 h6 7. O-O Nf6 8.
Re1 Qb6+ 9. d4 Be6 10. Bxf4 Bd6 11. Na4 Qc6 12. Bxd6 Qxd6 13. Nc5 O-O 14. Nxb7
Qc6 15. Nc5 Qd5 16. Nxe6 Qxe6 17. c3 Qe3+ 18. Kh1 Qe4 19. Ne5 Qf5 20. Bf3 c6
21. Rf1 Qe6 22. Qd3 a6 23. Rae1 Ra7 24. Nxc6 Qxe1 25. Rxe1 Rd7 26. Nxb8 Rxb8
27. b3 Re8 28. Rxe8+ Nxe8 29. Qxa6 Re7 30. h3 Re1+ 31. Kh2 Nc7 32. Qc8+ Ne8 33.
a4 1-0

[Event "Lichtenberger Sommer 2016"]
[Site "?"]
[Date "2016.08.18"]
[Round "6.93"]
[White "Gutewort, Paul Emil"]
[Black "Andersohn, Marco"]
[Result "0-1"]
[WhiteElo "1578"]
[BlackElo "1300"]
[PlyCount "68"]
[EventDate "2016.??.??"]
[WhiteTeam "SF Nordost Berlin"]
[BlackTeam "SC Weisse Dame (Berlin)"]

1. d4 d5 2. Nf3 e6 3. Bf4 c5 4. e3 c4 5. Nc3 Nf6 6. b3 Bb4 7. Qd2 Qa5 8. Bc7
Qxc7 9. Ke2 Ne4 10. Nxd5 Qa5 11. Qxb4 Qxd5 12. bxc4 Qf5 13. h3 Nc6 14. Qb2 O-O
15. g4 Qa5 16. Bg2 b6 17. Qb5 Nc3+ 18. Kf1 Nxb5 19. Ne5 Qc3 20. Re1 Bb7 21.
Nxc6 Bxc6 22. Bxc6 Qxc4+ 23. Kg1 Qxc6 24. f4 Qxc2 25. h4 Qe4 26. h5 Qf3 27. g5
Qg4+ 28. Kf2 Rac8 29. Re2 Nc3 30. Ree1 Ne4+ 31. Kf1 Rc2 32. Rh2 Rxh2 33. Re2
Qxe2+ 34. Kg1 Qg2# 0-1

[Event "Lichtenberger Sommer 2016"]
[Site "?"]
[Date "2016.08.18"]
[Round "6.94"]
[White "Möller, Dirk"]
[Black "Gläsmann, Christian"]
[Result "1-0"]
[WhiteElo "1577"]
[BlackElo "1518"]
[PlyCount "45"]
[EventDate "2016.??.??"]
[WhiteTeam "SC Kreuzberg"]
[BlackTeam "SC Erkrath"]

1. e4 d6 2. d4 g6 3. Nc3 Bg7 4. Nf3 Nf6 5. Bc4 O-O 6. Bg5 Nbd7 7. Qd2 c5 8.
O-O-O cxd4 9. Nxd4 Ne5 10. Be2 Bg4 11. f3 Bc8 12. g4 a5 13. h4 b6 14. h5 Bd7
15. hxg6 fxg6 16. Bh6 Nf7 17. Bxg7 Kxg7 18. Bc4 e5 19. Ndb5 Bxb5 20. Bxf7 Kxf7
21. Nxb5 Rh8 22. Nxd6+ Ke6 23. g5 1-0

[Event "Lichtenberger Sommer 2016"]
[Site "?"]
[Date "2016.08.18"]
[Round "6.95"]
[White "Wilke, Hans-Peter"]
[Black "Chung, Nicholas"]
[Result "1-0"]
[WhiteElo "1613"]
[BlackElo "1402"]
[PlyCount "59"]
[EventDate "2016.??.??"]
[WhiteTeam "Läufer Reinickendorf"]
[BlackTeam "TuS Makkabi Berlin"]

1. b4 e5 2. Bb2 d6 3. e3 Be6 4. Nf3 Nd7 5. c4 c6 6. Be2 Ngf6 7. O-O Qc7 8. d3
d5 9. Nbd2 Bxb4 10. cxd5 Nxd5 11. e4 Nc3 12. Bxc3 Bxc3 13. Rc1 Qa5 14. Nb3 Qb4
15. Rb1 Qa3 16. Qc2 Ba5 17. Ng5 Bxb3 18. axb3 Qb4 19. Qc4 Qxc4 20. bxc4 f6 21.
Ne6 Ke7 22. Rxb7 g6 23. Nc5 Rhd8 24. Bg4 a6 25. Rxd7+ Rxd7 26. Nxd7 Bc3 27. Rb1
a5 28. Rb7 Kd6 29. c5+ Ke7 30. Nb6+ 1-0

[Event "Lichtenberger Sommer 2016"]
[Site "?"]
[Date "2016.08.18"]
[Round "6.96"]
[White "Geist, Wolfgang"]
[Black "Koerber, Bernhard"]
[Result "0-1"]
[WhiteElo "1447"]
[BlackElo "1567"]
[PlyCount "82"]
[EventDate "2016.??.??"]
[WhiteTeam "SC Weisse Dame (Berlin)"]
[BlackTeam "Lasker Steglitz-Wilmersdorf"]

1. d4 Nf6 2. Nf3 g6 3. e3 Bg7 4. c3 d5 5. Nbd2 O-O 6. g3 Bg4 7. Bg2 c6 8. Qb3
Qc8 9. h3 Bf5 10. Qd1 Nbd7 11. Nh2 Re8 12. g4 Bd3 13. Nb3 Ba6 14. Bf1 Bxf1 15.
Nxf1 e5 16. Ng3 e4 17. O-O Qc7 18. a4 b6 19. a5 Bf8 20. Kg2 Bd6 21. Bd2 Kg7 22.
Qc2 Rh8 23. Ra2 h5 24. axb6 Nxb6 25. gxh5 Nxh5 26. Nxh5+ Rxh5 27. Rh1 Rah8 28.
Qd1 Rg5+ 29. Kf1 Bh2 30. Ke2 Rxh3 31. Qf1 Rgh5 32. Ra1 Nc4 33. Rb1 Qd8 34. Nc5
Qg5 35. b3 Qg4+ 36. Ke1 Na3 37. Rc1 Qf3 38. Nd7 f6 39. Nc5 Bd6 40. Ne6+ Kf7 41.
Rxh3 Rxh3 0-1

[Event "Lichtenberger Sommer 2016"]
[Site "?"]
[Date "2016.08.18"]
[Round "6.97"]
[White "Eichstädt, Torsten"]
[Black "Stark, Steven"]
[Result "1/2-1/2"]
[WhiteElo "1346"]
[BlackElo "1475"]
[PlyCount "119"]
[EventDate "2016.??.??"]
[WhiteTeam "SC Friesen Lichtenberg"]
[BlackTeam "BSC Rehberge"]

1. d4 d5 2. c4 e6 3. Nf3 Qe7 4. Bg5 f6 5. Bf4 g5 6. Bg3 Na6 7. e3 c6 8. c5 b6
9. Bd6 Qf7 10. Bxf8 Kxf8 11. Qa4 b5 12. Qa5 Bb7 13. a4 Qc7 14. axb5 Qxa5+ 15.
Rxa5 cxb5 16. Bxb5 Nb4 17. O-O a6 18. Ba4 Nc6 19. Bxc6 Bxc6 20. Nc3 Ne7 21.
Rfa1 Kf7 22. b4 Rhb8 23. Rb1 Bb5 24. Nxb5 axb5 25. Rba1 Rxa5 26. bxa5 Nc6 27.
Nd2 Ra8 28. Nb3 e5 29. f3 Ke6 30. Kf2 Nb4 31. Kg3 Nc2 32. Rc1 Nxe3 33. dxe5 Nc4
34. Nd4+ Kxe5 35. Nc6+ Ke6 36. Re1+ Kd7 37. Nb4 Rxa5 38. c6+ Kd6 39. Re8 Nb6
40. Rb8 Kc5 41. c7 Ra7 42. Nxd5 Kxd5 43. Rxb6 Rxc7 44. Rxb5+ Ke6 45. Rb6+ Kf5
46. h3 h6 47. Rb5+ Kg6 48. Rb8 Rc4 49. Re8 h5 50. Re4 Rc3 51. h4 g4 52. Kf4
gxf3 53. gxf3 Rc5 54. Re8 Rc4+ 55. Re4 Rc1 56. Re8 Rh1 57. Kg3 Kf5 58. Rh8 Kg6
59. Rg8+ Kf7 60. Rh8 1/2-1/2

[Event "Lichtenberger Sommer 2016"]
[Site "?"]
[Date "2016.08.18"]
[Round "6.98"]
[White "Klühs, Isabel"]
[Black "Schmole-Rostosky, Joachim"]
[Result "0-1"]
[WhiteElo "1095"]
[BlackElo "1580"]
[PlyCount "102"]
[EventDate "2016.??.??"]
[WhiteTeam "Borussia Friedrichsfelde"]
[BlackTeam "SF SW Merzhausen"]

1. d4 Nf6 2. Nd2 c6 3. Ngf3 d5 4. e3 Bf5 5. c4 e6 6. Be2 Nbd7 7. O-O Bd6 8. b3
O-O 9. Bb2 Qb8 10. Rc1 Ne4 11. cxd5 cxd5 12. h3 a6 13. a3 b5 14. b4 Nb6 15. Qb3
Nc4 16. Nxc4 bxc4 17. Qd1 Rc8 18. Bc3 a5 19. bxa5 Nxc3 20. Rxc3 Qb2 21. Qe1
Bxa3 22. Qd2 Qxd2 23. Nxd2 Bb4 24. Rfc1 Bxc3 25. Rxc3 Rxa5 26. Rc1 Ra2 27. Rd1
c3 28. Bb5 cxd2 29. Be2 Rc1 30. Kh2 Rxd1 31. Bxd1 Bc2 32. Be2 d1=Q 33. Bxd1
Bxd1 34. Kg3 f5 35. f4 h6 36. Kh4 Be2 37. g4 g6 38. g5 h5 39. Kg3 Bd3 40. h4
Be4 41. Kh3 Ra3 42. Kg3 Rxe3+ 43. Kf2 Rf3+ 44. Ke2 Rxf4 45. Ke3 Rxh4 46. Kf2
Rg4 47. Ke3 h4 48. Kd2 Rg3 49. Ke2 Rf3 50. Kd2 h3 51. Ke2 h2 0-1

[Event "Lichtenberger Sommer 2016"]
[Site "?"]
[Date "2016.08.18"]
[Round "6.99"]
[White "Hoffmann, Kay"]
[Black "Ho, Ngoc Hai-Dang"]
[Result "0-1"]
[WhiteElo "984"]
[BlackElo "1242"]
[PlyCount "54"]
[EventDate "2016.??.??"]
[WhiteTeam "SC Eintracht Berlin"]
[BlackTeam "SF Friedrichshagen"]

1. e4 e5 2. Nf3 Nc6 3. Bc4 Bc5 4. d3 Nf6 5. Bg5 h6 6. Bh4 g5 7. Bg3 d6 8. h3
Be6 9. Nbd2 Qd7 10. Qe2 O-O-O 11. O-O-O Rhf8 12. Kb1 Nh5 13. Bh2 f5 14. Bxe6
Qxe6 15. Nxg5 hxg5 16. Qxh5 Bxf2 17. Rhf1 Be3 18. g4 Rh8 19. gxf5 Qxa2+ 20.
Kxa2 Rxh5 21. Rf3 Bf4 22. Bg3 Nd4 23. Rxf4 exf4 24. Bf2 Nxc2 25. Kb1 Nb4 26.
Bxa7 b6 27. Rc1 Kb7 0-1

[Event "Lichtenberger Sommer 2016"]
[Site "?"]
[Date "2016.08.18"]
[Round "6.100"]
[White "Paris, Gerhard"]
[Black "Caglar, Bertan"]
[Result "1-0"]
[WhiteElo "1486"]
[BlackElo "1152"]
[PlyCount "49"]
[EventDate "2016.??.??"]
[WhiteTeam "TSG Oberschöneweide"]
[BlackTeam "SW Lichtenrade"]

1. e4 d6 2. d4 Nd7 3. Nf3 g6 4. Nc3 Bg7 5. Be3 Ngf6 6. h3 O-O 7. Qd2 Re8 8. Bh6
e5 9. Bxg7 Kxg7 10. d5 c6 11. Bd3 Nb6 12. O-O-O cxd5 13. exd5 Nfxd5 14. Nxd5
Nxd5 15. Bc4 Be6 16. Bxd5 Bxd5 17. Qxd5 Re6 18. h4 Qb6 19. Ng5 Rf6 20. Ne4 Rd8
21. Nxf6 Kxf6 22. g4 Qxf2 23. Rhf1 Qf4+ 24. Rxf4+ exf4 25. Qd4+ 1-0

[Event "Lichtenberger Sommer 2016"]
[Site "?"]
[Date "2016.08.18"]
[Round "6.101"]
[White "Goroll, Hans-Juergen"]
[Black "Toth, Hans-Jürgen"]
[Result "1-0"]
[WhiteElo "1647"]
[BlackElo "1623"]
[PlyCount "57"]
[EventDate "2016.??.??"]
[WhiteTeam "Umweltbundesamt (FV Schach)"]
[BlackTeam "SF Zehdenick"]

1. Nf3 f5 2. c4 Nf6 3. Nc3 e6 4. g3 c6 5. Bg2 d5 6. b3 Bb4 7. Bb2 O-O 8. a3 Be7
9. d4 Nbd7 10. O-O h6 11. Qc2 Qe8 12. cxd5 Nxd5 13. Nxd5 exd5 14. b4 Nf6 15.
Ne5 Bd6 16. Bh3 Ne4 17. e3 g5 18. f3 Bxe5 19. dxe5 g4 20. fxg4 fxg4 21. Rxf8+
Qxf8 22. Rf1 Qe7 23. Bg2 Qh7 24. Rf4 Bf5 25. Bxe4 Bxe4 26. Rxg4+ Kf8 27. Qc5+
Ke8 28. e6 Qe7 29. Rg8+ 1-0

[Event "Lichtenberger Sommer 2016"]
[Site "?"]
[Date "2016.08.18"]
[Round "6.102"]
[White "Dittrich, Hans-Juergen"]
[Black "Petersen, Sophie"]
[Result "0-1"]
[WhiteElo "1345"]
[BlackElo "1014"]
[PlyCount "36"]
[EventDate "2016.??.??"]
[WhiteTeam "vereinslos"]
[BlackTeam "SV Rüdersdorf"]

1. c4 c6 2. g3 d5 3. b3 Nf6 4. Bg2 Bf5 5. Nf3 Nbd7 6. d3 e5 7. O-O Bc5 8. d4
Bd6 9. Bb2 e4 10. c5 exf3 11. Bxf3 Bc7 12. Bg2 Qe7 13. Nc3 O-O-O 14. h3 Ne4 15.
Nxe4 Bxe4 16. b4 h5 17. f3 Bh7 18. Re1 Bxg3 0-1

[Event "Lichtenberger Sommer 2016"]
[Site "?"]
[Date "2016.08.18"]
[Round "6.103"]
[White "Lieger, Lucas"]
[Black "Motsch, Sebastian"]
[Result "1-0"]
[WhiteElo "1239"]
[BlackElo "1036"]
[PlyCount "95"]
[EventDate "2016.??.??"]
[WhiteTeam "SC Eintracht Berlin"]
[BlackTeam "Ludwigsfelder SC"]

1. d4 d5 2. Nf3 Nf6 3. Bf4 e6 4. c3 Nbd7 5. e3 b6 6. Bd3 Be7 7. Qe2 Nh5 8. Bg3
Nxg3 9. hxg3 Nf6 10. Nbd2 Qd6 11. Ne5 Bb7 12. Ndf3 g6 13. O-O-O Nd7 14. Kb1 f6
15. Bxg6+ hxg6 16. Rxh8+ Bf8 17. Nxg6 O-O-O 18. Nxf8 Nxf8 19. Nd2 Kb8 20. e4
Bc8 21. f4 Rd7 22. g4 Ng6 23. Rh6 Rg7 24. Qf3 f5 25. e5 Qf8 26. g5 c6 27. g3
Ba6 28. Rdh1 Qf7 29. c4 dxc4 30. Qxc6 Bb7 31. Qd6+ Qc7 32. Qxc7+ Kxc7 33. Rh7
Rd7 34. Rxd7+ Kxd7 35. Rh7+ Ne7 36. Nxc4 Be4+ 37. Kc1 Kd8 38. g6 Nxg6 39. Rxa7
Ne7 40. Nxb6 Ke8 41. a4 Nc6 42. Rd7 Nb4 43. Kd2 Bc6 44. Rd6 Ke7 45. Nc8+ Kf7
46. a5 Bd5 47. a6 Nxa6 48. Rxa6 1-0

[Event "Lichtenberger Sommer 2016"]
[Site "?"]
[Date "2016.08.19"]
[Round "7.1"]
[White "Dobrov, Vladimir"]
[Black "Von Herman, Ulf"]
[Result "1-0"]
[WhiteElo "2510"]
[BlackElo "2340"]
[PlyCount "57"]
[EventDate "2016.??.??"]
[WhiteTeam "Perovo Moscow"]
[BlackTeam "SK König Tegel"]

1. d4 Nf6 2. c4 e6 3. Nf3 d5 4. Nc3 Be7 5. Bf4 O-O 6. e3 Nbd7 7. c5 Ne4 8. Qc2
f5 9. h4 b6 10. c6 Ndf6 11. Ne5 a5 12. Nb5 Bb4+ 13. Kd1 Nd6 14. a3 Nxb5 15.
axb4 Nd6 16. b5 Nf7 17. Bd3 Nxe5 18. Bxe5 Ng4 19. Ra4 Qe7 20. Ke2 Rb8 21. Qc3
g6 22. f3 Nf6 23. Qe1 Nh5 24. g3 Nf6 25. b4 axb4 26. Ra7 Ne8 27. Qd2 h6 28. Rb1
Qh7 29. Qxb4 1-0

[Event "Lichtenberger Sommer 2016"]
[Site "?"]
[Date "2016.08.19"]
[Round "7.2"]
[White "Rudakov, Aleksandr"]
[Black "Morawietz, Dieter"]
[Result "0-1"]
[WhiteElo "2242"]
[BlackElo "2424"]
[PlyCount "38"]
[EventDate "2016.??.??"]
[WhiteTeam "Perovo Moscow"]
[BlackTeam "Klub Kölner SF"]

1. e4 c5 2. Nf3 e6 3. c4 Nc6 4. Be2 e5 5. O-O d6 6. Nc3 g6 7. d3 Bg7 8. Ne1
Nge7 9. f4 O-O 10. Nf3 h6 11. Be3 exf4 12. Bxf4 f5 13. exf5 Nxf5 14. Rb1 g5 15.
Bd2 g4 16. Ne1 Bd4+ 17. Kh1 Qh4 18. Bf4 g3 19. h3 Ne3 0-1